000 00341nam a2200145Ia 4500
008 230711s9999||||xx |||||||||||||| ||und||
041 _aENG
082 _a540
_bSH-E
100 _aSharma,Pardeep
245 0 _aEngineeing Chemistry
250 _a1st Ed.
260 _c1999
_aNew Delhi
_bS.K Kataria & Sons
650 _aChemistry
942 _cBK
999 _c3803
_d3803